Biochemistry (Record no. 120434)

MARC details
000 -LEADER
fixed length control field 00438nam a2200181Ia 4500
008 - FIXED-LENGTH DATA ELEMENTS--GENERAL INFORMATION
fixed length control field 210210b2015 xxu||||| |||| 00| 0 eng d
020 ## - INTERNATIONAL STANDARD BOOK NUMBER
International Standard Book Number 9789382459828
041 ## - LANGUAGE CODE
Language code of text/sound track or separate title eng
082 ## - DEWEY DECIMAL CLASSIFICATION NUMBER
Classification number 574.192 ARUB
100 ## - MAIN ENTRY--PERSONAL NAME
Personal name ARUMUGAM (N)
245 ## - TITLE STATEMENT
Title Biochemistry
260 ## - PUBLICATION, DISTRIBUTION, ETC.
Place of publication, distribution, etc. Kanyakumari
Name of publisher, distributor, etc. Saras Publication
Date of publication, distribution, etc. 2015
300 ## - PHYSICAL DESCRIPTION
Extent xiv,630+12
650 ## - SUBJECT ADDED ENTRY--TOPICAL TERM
Topical term or geographic name entry element Biochemistry
690 ## - LOCAL SUBJECT ADDED ENTRY--TOPICAL TERM (OCLC, RLIN)
Topical term or geographic name as entry element Biochemistry
700 ## - ADDED ENTRY--PERSONAL NAME
Personal name FATIMA (Dulsy)
906 ## - LOCAL DATA ELEMENT F, LDF (RLIN)
a 070970
Holdings
Withdrawn status Lost status Source of classification or shelving scheme Damaged status Not for loan Collection code Home library Current library Date acquired Source of acquisition Cost, normal purchase price Total Checkouts Full call number Barcode Date last seen Price effective from Koha item type
    Dewey Decimal Classification     Bio Chemistry St Aloysius Library St Aloysius Library 02/17/2021 Biblios Book Point, Surathkal-575014 250.00   574.192 ARUB 070971 02/17/2021 02/17/2021 Book
    Dewey Decimal Classification     Bio Chemistry St Aloysius Library St Aloysius Library 02/17/2021 Biblios Book Point, Surathkal-575014 250.00   574.192 ARUB 070970 02/17/2021 02/17/2021 Book